<?xml version="1.0" encoding="UTF-8"?>
<record
    xmlns:xsi="http://www.w3.org/2001/XMLSchema-instance"
    xsi:schemaLocation="http://www.loc.gov/MARC21/slim http://www.loc.gov/standards/marcxml/schema/MARC21slim.xsd"
    xmlns="http://www.loc.gov/MARC21/slim">

  <leader>01327nam a22002057a 4500</leader>
  <datafield tag="999" ind1=" " ind2=" ">
    <subfield code="c">358039</subfield>
    <subfield code="d">358039</subfield>
  </datafield>
  <controlfield tag="003">IT-MiCISF</controlfield>
  <controlfield tag="005">20181025150817.0</controlfield>
  <controlfield tag="008">181025b           ||||| |||| 00| 0 eng d</controlfield>
  <datafield tag="040" ind1=" " ind2=" ">
    <subfield code="c">IT-MiCISF</subfield>
  </datafield>
  <datafield tag="041" ind1=" " ind2=" ">
    <subfield code="a">it</subfield>
  </datafield>
  <datafield tag="100" ind1=" " ind2=" ">
    <subfield code="a">Novara Daniele</subfield>
    <subfield code="9">57278</subfield>
  </datafield>
  <datafield tag="245" ind1=" " ind2=" ">
    <subfield code="a">Punire non serve a nulla</subfield>
    <subfield code="b">Educare i figli con efficacia evitando le trappole emotive</subfield>
  </datafield>
  <datafield tag="260" ind1=" " ind2=" ">
    <subfield code="a">Milano</subfield>
    <subfield code="b">Rizzoli</subfield>
    <subfield code="c">2016</subfield>
  </datafield>
  <datafield tag="300" ind1=" " ind2=" ">
    <subfield code="a">pp. 280</subfield>
  </datafield>
  <datafield tag="500" ind1=" " ind2=" ">
    <subfield code="a">genitorialit&#xE0;, figli-piccoli, figli-adolescenti, educazione, problemi-educazione, esperienze</subfield>
  </datafield>
  <datafield tag="520" ind1=" " ind2=" ">
    <subfield code="a">Evitare di arrivare al punto del non ritorno, quel momento in cui il capriccio e la frustrazione dei nostri figli non ci lasciano altra scelta che tentare di riportare la quiete in famiglia attraverso le famigerate &#x201C;punizioni&#x201D;. Evitare di arrivarci perch&#xE9;, come tutti i genitori sanno, urla e castighi dimostrano sempre pi&#xF9; chiaramente la loro inefficacia. Il nuovo e illuminante libro del pedagogista Daniele Novara aiuta i genitori a trovare la giusta organizzazione educativa, bilanciando in modo attento regole, dialogo ed esempi, per creare un ambiente sano e armonico in cui punire non sia pi&#xF9; necessario. Per farsi ascoltare davvero dai figli e costruire con loro un rapporto pi&#xF9; forte e profondo.</subfield>
  </datafield>
  <datafield tag="650" ind1=" " ind2=" ">
    <subfield code="a">educazione</subfield>
    <subfield code="9">56062</subfield>
  </datafield>
  <datafield tag="654" ind1=" " ind2=" ">
    <subfield code="a">saggio</subfield>
  </datafield>
  <datafield tag="942" ind1=" " ind2=" ">
    <subfield code="2">ddc</subfield>
    <subfield code="c">BK</subfield>
  </datafield>
  <datafield tag="952" ind1=" " ind2=" ">
    <subfield code="0">0</subfield>
    <subfield code="1">0</subfield>
    <subfield code="2">ddc</subfield>
    <subfield code="4">0</subfield>
    <subfield code="6">B_7500_000000000000000</subfield>
    <subfield code="7">1</subfield>
    <subfield code="a">CISF</subfield>
    <subfield code="b">CISF</subfield>
    <subfield code="d">2018-10-25</subfield>
    <subfield code="l">0</subfield>
    <subfield code="o">b7500</subfield>
    <subfield code="p">9788817089326</subfield>
    <subfield code="r">2018-10-25 00:00:00</subfield>
    <subfield code="w">2018-10-25</subfield>
    <subfield code="y">BK</subfield>
  </datafield>
</record>
